00325nam a2200121 a 4500008004100000050001700041100001500058245003900073260003900112300000900151350000900160650003400169091130s1994 ||||||||||||||||| || u aPAPERS/STAFF aChelemu, G10aStandards for interlibrary lending aKitwebCopperbelt Universityc1994 a17p. a0.00 aINTERLIBRARY LOANS--STANDARDS